| 000 | 00713cam a2200241 a 4500 | ||
|---|---|---|---|
| 001 | 1460829 | ||
| 003 | NUST - PNEC | ||
| 005 | 20170116181003.0 | ||
| 008 | 860507s1987 nyua b 001 0 eng | ||
| 010 | _a 86011144 | ||
| 020 | _a0442221045 | ||
| 040 | _cLIBRARY | ||
| 082 | 0 | 0 | _a621.3848 EAV |
| 100 |
_99664 _aEaves, Jerry L. |
||
| 245 | 0 | 0 |
_aPrinciples of modern radar / _cedited by Jerry L. Eaves, Edward K. Reedy. |
| 260 |
_aNew York : _bVan Nostrand Reinhold, _cc1987. |
||
| 300 |
_aviii, 712 p. : _bill. ; _c24 cm. |
||
| 504 | _aIncludes bibliographies and index. | ||
| 650 | 0 |
_aRadar. _xEL |
|
| 700 | 1 | _aReedy, Edward K. | |
| 906 |
_a7 _bcbc _corignew _d1 _eocip _f19 _gy-gencatlg |
||
| 942 |
_2ddc _cBK |
||
| 999 |
_c66798 _d66798 |
||